Statistiques concernant Focus sur: Winky - Harry Potter

Cliquez ici pour prendre le quiz!

Statistiques générales

  • Ce quiz a été pris 229 fois
  • Le résultat moyen est 5 sur 6

Statistiques - réponses

Informations recherchéesRéponses% Correct
EspèceElfe de maison
100%
Ecole dans laquelle elle a travailléPoudlard
98%
Emploi dans cette écoleCuisine
95%
Première apparitionHarry Potter et la Coupe de Feu
93%
Famille servie (initialement)Croupton
90%
Lieu de rencontre avec Harry PotterCoupe du monde de Quidditch
71%

Distribution des résultats

Percentile par nombre de réponses

% des personnes avec chaque résultat

Votre développement - résultats

Vous n’avez pas pris ce quiz